| 000 | 00647nam a2200253Ia 4500 | ||
|---|---|---|---|
| 005 | 20140311163144.0 | ||
| 008 | 140130s9999 xx 000 0 und d | ||
| 020 | _a9780590480710 | ||
| 050 |
_aPZ 8.3 _b.P124Bal 1993 |
||
| 100 |
_aPackard, David. _928773 |
||
| 245 |
_cDavid Packard. _aThe ball game / |
||
| 260 |
_bScholastic Inc., _cc1993. _aUSA : |
||
| 300 |
_a24 p. : _bCol. ill. ; _c23 cm. |
||
| 440 |
_v1 _931174 |
||
| 521 | _aG1 | ||
| 526 | _cBR | ||
| 650 |
_aBaseball _xFiction. _931193 |
||
| 650 |
_aStories in rhyme. _95554 |
||
| 942 |
_cBK _2lcc |
||
| 999 |
_c42059 _d42059 |
||